000
00249nam a2200109Ia 4500
008
190216s9999||||xx |||||||||||||| ||und||
100
_a
Mahajan V S
245
0
_a
Commercial Essay
260
_b
Shailendra Prakashan
650
_a
English
942
_c
BK
999
_c
13097
_d
13097